000 00677nam a22002417a 4500
001 8397
003 FISKH
005 20250910143954.0
008 250910b cb ||||| |||| 00| 0 eng d
020 _a9780153234859
040 _aFISKH
_beng
_cFISKH
_dFISKH
082 _a420
100 _aMcLean, Tim
245 _aThe story of the horse /
_cby Tim McLean : illustrated by Miro Salzar
260 _aOrlando :
_bHarourt , Inc.,
_c2002.
300 _a16 pages :
_billustrations ;
_c20 cm .
505 _aS
521 8 _a800
_bLexile estimate
521 8 _aS
_bRaz-Plus
700 _aSalazar, Miro
_eIllustrator
942 _2ddc
_cBK
_n0
999 _c8397
_d8397